000 00277nam a2200109Ia 4500
008 220204s9999 xx 000 0 und d
082 _a93/99(038)
_bBAI
245 0 _aHamlyn dictionary of dates and anniversaries
260 _aLondon
_bHamlyn
_c1978
700 _aF M
942 _cBK
999 _c28177
_d28177